00739nam a2200229Ia 4500001000500000003000500005008004100010010001100051020001800062040000900080082001200089100001700101245011900118260003600237300001100273500008900284503002900373650001500402650001600417700004000433700003600473Z_31CHAP220113s1987 xx 000 0 und d a162997 a968-451-855-2 cCHAP a574 K37 aKarp, Gerald aBiología celular /cGerald Karp; traducción Guatavo Longi Villanueva; revisión Guillermo Laguna Hernández aMéxico :bMcGraw-Hill,c1987 a950 p. aTraducción de la obra en inglés: Cell biology de la 2a. ed. en inglés de 1984. aej.1: 145673 \ ej.2: C/E aBiología aCitología a Laguna Hernández Guillermo, rev. aLongi Villanueva, Gustavo, tr.